Un proyecto de iglesia para el futuro de España / (Record no. 128530)

MARC details
000 -LEADER
campo de control de longitud fija 00587nam a2200193 i 4500
001 - NÚMERO DE CONTROL
campo de control 128530
003 - IDENTIFICADOR DE NÚMERO DE CONTROL
campo de control ES-MaACL
005 - FECHA Y HORA DE LA ÚLTIMA TRANSACCIÓN
campo de control 20230906193316.0
007 - CAMPO FIJO DE DESCRIPCIÓN FÍSICA--INFORMACIÓN GENERAL
campo de control de longitud fija t|
008 - DATOS DE LONGITUD FIJA--INFORMACIÓN GENERAL
campo de control de longitud fija 070517s1978 sp ||||1| spa d
080 ## - NÚMERO DE LA CLASIFICACIÓN DECIMAL UNIVERSAL
Número de la Clasificación Decimal Universal 282(46)"19"
100 1# - ENTRADA PRINCIPAL--NOMBRE DE PERSONA
Nombre de persona Tamayo-Acosta, Juan José.
9 (RLIN) 109160
245 10 - MENCIÓN DEL TÍTULO
Título Un proyecto de iglesia para el futuro de España /
Mención de responsabilidad, etc. Juan José Tamayo-Acosta.
260 ## - PUBLICACIÓN, DISTRIBUCIÓN, ETC.
Lugar de publicación, distribución, etc. Madrid :
Nombre del editor, distribuidor, etc. Edic. Paulinas,
Fecha de publicación, distribución, etc. 1978.
300 ## - DESCRIPCIÓN FÍSICA
Extensión 326 p. ;
Dimensiones 21 cm.
650 04 - PUNTO DE ACCESO ADICIONAL DE MATERIA--TÉRMINO DE MATERIA
Término de materia o nombre geográfico como elemento de entrada España-
Subdivisión general Historia eclesiástica-
Subdivisión cronológica S.XX.
9 (RLIN) 219500
852 ## - LOCALIZACIÓN
Ubicación ES-MaACL
Número de control de estantería A-8658
Sublocalización o colección R.97566
Holdings
Estatus retirado Estado de pérdida Estado de daño No para préstamo Biblioteca de origen Biblioteca actual Ubicación en estantería Fecha de adquisición Fuente de adquisición Total de préstamos Signatura topográfica completa Código de barras Visto por última vez Precio de reemplazo Tipo de ítem Koha
        Biblioteca del Ateneo de Madrid Biblioteca del Ateneo de Madrid Depósito 1 17/01/2008     A-8658 1133859 23/02/2023 23/02/2023 Libro impreso